[Event "World Youth Girl U14 2016"]
[Site "Khanty-Mansiysk RUS"]
[Date "2016.09.24"]
[Round "3.7"]
[White "Goltseva, Ekaterina"]
[Black "Palma, Maria"]
[Result "1-0"]
[WhiteTitle "WFM"]
[WhiteElo "2212"]
[BlackElo "1925"]
[WhiteFideId "24173770"]
[BlackFideId "898481"]
[EventDate "2016.09.22"]

1. d4 Nf6 2. c4 c5 3. d5 b5 4. Nd2 bxc4 5. e4 e6 6. dxe6 dxe6 7. e5 Nd5 8. Nxc4
Nc6 9. Nf3 Be7 10. a3 O-O 11. Bd3 Na5 12. O-O Nxc4 13. Bxc4 a5 14. b3 Ba6 15.
Qc2 a4 16. bxa4 Bxc4 17. Qxc4 Qa5 18. Bg5 Qxa4 19. Rfc1 Rfc8 20. Bxe7 Nxe7 21.
Ng5 Ng6 22. Ne4 Qxc4 23. Rxc4 Ra5 24. f4 h6 25. a4 Nf8 26. Rb1 Ra7 27. Rxc5 Rca8
28. Nc3 Nd7 29. Rc6 Ra5 30. Rb5 R5a7 31. Kf2 Kf8 32. Ke2 Ke7 33. Kd2 Ra6 34.
Rxa6 Rxa6 35. g3 Nb6 36. Rb4 Kd7 37. Kc2 Kc6 38. Kb3 Ra5 39. Rd4 Nd5 40. Ne4 Kd7
41. Rc4 Ra7 42. Rc5 Rb7+ 43. Rb5 Rc7 44. Nc5+ Kc6 45. Ne4 Kd7 46. Nc5+ Kc6 47.
Na6 Ra7 48. Nb4+ Nxb4 49. Kxb4 Rd7 50. Rc5+ Kb7 51. a5 Rd2 52. Rc3 Rb2+ 53. Rb3
Rd2 54. Kc3+ 1-0

[Event "World Youth Girl U14 2016"]
[Site "Khanty-Mansiysk RUS"]
[Date "2016.09.24"]
[Round "3.8"]
[White "Sibajeva, Marija"]
[Black "Zotova, Anastasia"]
[Result "1/2-1/2"]
[WhiteTitle "WCM"]
[BlackTitle "WFM"]
[WhiteElo "1913"]
[BlackElo "2171"]
[WhiteFideId "12807583"]
[BlackFideId "34124907"]
[EventDate "2016.09.22"]

1. e4 c5 2. Nf3 d6 3. d4 cxd4 4. Qxd4 Nf6 5. Nc3 Nc6 6. Bb5 a6 7. Bxc6+ bxc6 8.
Bg5 Qc7 9. e5 dxe5 10. Qxe5 Qxe5+ 11. Nxe5 Nd5 12. Be3 Nxc3 13. bxc3 f6 14. Nd3
e5 15. O-O Be6 16. a4 Bd6 17. Rab1 O-O 18. Rb6 Bd5 19. Nb4 Bxb4 20. cxb4 Rfd8
21. a5 Be4 22. Rc1 Bxc2 23. Rxc6 Ba4 24. Rc7 Rd7 25. Rxd7 Bxd7 26. Bb6 1/2-1/2

[Event "World Youth Girl U14 2016"]
[Site "Khanty-Mansiysk RUS"]
[Date "2016.09.24"]
[Round "3.9"]
[White "Salonika, Saina"]
[Black "Ulziikhishigjargal, Ochirkhuyag"]
[Result "1-0"]
[WhiteTitle "WCM"]
[WhiteElo "2093"]
[BlackElo "1888"]
[WhiteFideId "25013971"]
[BlackFideId "4903188"]
[EventDate "2016.09.22"]

1. e4 e5 2. Nf3 Nc6 3. Bb5 a6 4. Ba4 Nf6 5. d4 exd4 6. O-O Be7 7. Re1 O-O 8. e5
Ne8 9. c3 d3 10. Qxd3 d5 11. Bb3 Be6 12. Bh6 Qd7 13. Bc2 Bf5 14. Qxf5 Qxf5 15.
Bxf5 gxh6 16. Nbd2 Ng7 17. Bc2 Ne6 18. Rad1 Rad8 19. Nf1 d4 20. Be4 dxc3 21.
bxc3 Nf4 22. Ng3 Rxd1 23. Rxd1 Rd8 24. Rxd8+ Nxd8 25. Kf1 c6 26. Nf5 Bf8 27. Nd2
f6 28. exf6 Kf7 29. Ne3 Ng6 30. g3 Kxf6 31. f4 Nf7 32. Ke2 Bc5 33. Ng4+ Kg7 34.
Nb3 Bb6 35. c4 h5 36. Ne3 Kf6 37. c5 Bc7 38. h4 h6 39. Bf3 Nd8 40. Bxh5 Ne7 41.
Kf3 Ne6 42. Ke4 Ng8 43. Be2 Ng7 44. Bc4 Ne7 45. Ng4+ Kg6 46. Ne5+ Bxe5 47. Kxe5
Nh5 48. g4 Nf6 49. Kd6 Ned5 50. g5 hxg5 51. hxg5 Ne4+ 52. Ke5 Nec3 53. Na5 Nb4
54. a3 Nbd5 55. Nxb7 Nb5 56. Bxd5 cxd5 57. Kxd5 Nxa3 58. Nd6 Nc2 59. c6 1-0

[Event "World Youth Girl U14 2016"]
[Site "Khanty-Mansiysk RUS"]
[Date "2016.09.24"]
[Round "3.10"]
[White "Priyanka, Nutakki"]
[Black "Koubova, Anna Marie"]
[Result "1-0"]
[WhiteElo "2070"]
[BlackElo "1822"]
[WhiteFideId "25049615"]
[BlackFideId "381470"]
[EventDate "2016.09.22"]

1. d4 Nf6 2. c4 g6 3. Nc3 d5 4. cxd5 Nxd5 5. Bd2 Nb6 6. e4 Qxd4 7. Qc2 Qd8 8.
O-O-O Bd7 9. Bf4 Nc6 10. Nf3 Bg7 11. h4 h5 12. Bb5 Qc8 13. Nd5 Nxd5 14. exd5 Nb4
15. Bxd7+ Qxd7 16. Qb3 c5 17. a3 Na6 18. d6 O-O 19. dxe7 Qxe7 20. Bd6 Bh6+ 21.
Kb1 Qe4+ 22. Ka1 c4 23. Qb5 Rfc8 24. Rhe1 Qc6 25. Qxc6 Rxc6 26. Ne5 Rcc8 27. Nf3
Nc5 28. Bxc5 Rxc5 29. Rd7 1-0

[Event "World Youth Girl U14 2016"]
[Site "Khanty-Mansiysk RUS"]
[Date "2016.09.24"]
[Round "3.11"]
[White "Vantika, Agrawal"]
[Black "Grischenko, Kamila"]
[Result "1-0"]
[WhiteElo "2012"]
[BlackElo "1839"]
[WhiteFideId "25050389"]
[BlackFideId "14147491"]
[EventDate "2016.09.22"]

1. d4 Nf6 2. Nf3 g6 3. g3 Bg7 4. Bg2 O-O 5. O-O d6 6. c4 Nbd7 7. Nc3 e5 8. h3 c6
9. e4 Qa5 10. Re1 exd4 11. Nxd4 Ne5 12. Bf1 Re8 13. Be3 Be6 14. Nxe6 Rxe6 15.
Kg2 Ned7 16. f3 Rae8 17. Rb1 Qc7 18. Qd2 Nb6 19. Bf2 Qe7 20. a4 Nfd7 21. a5 Na8
22. Ne2 Qd8 23. Bxa7 b6 24. Nf4 Rf6 25. Ra1 Bh6 26. axb6 Naxb6 27. Ra6 Qc7 28.
Qa5 Bxf4 29. Bxb6 Nxb6 30. gxf4 Rb8 31. b4 c5 32. e5 Re6 33. bxc5 dxc5 34. Rd1
f6 35. Ra7 Qc6 36. Bd3 fxe5 37. f5 gxf5 38. Bxf5 Rf6 39. Be4 Qc8 40. Qd2 h6 41.
Qf2 Rf5 42. Bxf5 Qxf5 43. Qg3+ Qg5 44. Qxg5+ hxg5 45. Rb1 1-0

[Event "World Youth Girl U14 2016"]
[Site "Khanty-Mansiysk RUS"]
[Date "2016.09.24"]
[Round "3.12"]
[White "Aciu, Malina-Andreea"]
[Black "Serikbay, Assel"]
[Result "0-1"]
[BlackTitle "WFM"]
[WhiteElo "1876"]
[BlackElo "1996"]
[WhiteFideId "1240323"]
[BlackFideId "13706799"]
[EventDate "2016.09.22"]

1. e4 c5 2. Nf3 Nc6 3. d4 cxd4 4. Nxd4 Nf6 5. Nc3 e6 6. Ndb5 Bb4 7. a3 Bxc3+ 8.
Nxc3 d5 9. exd5 exd5 10. Bd3 O-O 11. O-O Bg4 12. f3 Be6 13. Kh1 Nd7 14. Bf4 a6
15. Re1 Re8 16. Qd2 b5 17. Qf2 Rc8 18. Rad1 Nb6 19. Qg3 Qd7 20. Qg5 f6 21. Qh5
g6 22. Qh6 Qg7 23. Qxg7+ Kxg7 24. g4 Nc4 25. Bxc4 bxc4 26. Kg2 d4 27. Ne4 Bd5
28. Nc5 a5 29. Nd7 Rcd8 30. Nb6 Ne5 31. Nxd5 Rxd5 32. Re4 g5 33. Bg3 Red8 34. h4
h6 35. hxg5 hxg5 36. f4 Nxg4 37. Kf3 Ne3 38. Rd2 f5 39. Re7+ Kf6 40. Rc7 g4+ 41.
Kf2 Rb8 42. Bh4+ Ke6 43. Re7+ Kd6 44. Re5 Rxb2 45. Be7+ Kc6 46. Rxd4 Rxd4 47.
Kxe3 Rd5 0-1

[Event "World Youth Girl U14 2016"]
[Site "Khanty-Mansiysk RUS"]
[Date "2016.09.24"]
[Round "3.13"]
[White "Barmagambetova, Sakypzhama"]
[Black "Badelka, Olga"]
[Result "0-1"]
[WhiteElo "1744"]
[BlackElo "2222"]
[WhiteFideId "13723103"]
[BlackFideId "13509926"]
[EventDate "2016.09.22"]

1. d4 d5 2. Nf3 Nf6 3. c4 dxc4 4. e3 b5 5. a4 b4 6. Bxc4 e6 7. O-O Bb7 8. b3 Be7
9. Bb2 O-O 10. Nbd2 Nbd7 11. Qe2 c5 12. Rfd1 Rc8 13. Rac1 Qc7 14. Bd3 Qb8 15.
Nc4 Qa8 16. Ne1 cxd4 17. Bxd4 Nc5 18. Bxc5 Rxc5 19. f3 Nd5 20. Qf2 f5 21. Nc2 f4
22. e4 Nc3 23. Re1 Rh5 24. Qd2 a5 25. Kh1 Bh4 26. Rf1 Bg3 27. h3 e5 28. Nd6 Ba6
29. Bxa6 Qxa6 30. Nf5 Bh4 31. Nxh4 Rxh4 32. Rf2 g5 33. Qe1 Rh6 34. Rd2 Qe6 35.
Na1 g4 36. fxg4 Qxg4 37. Rd6 f3 38. Rc2 Rh5 39. Rf2 Nxe4 0-1

[Event "World Youth Girl U14 2016"]
[Site "Khanty-Mansiysk RUS"]
[Date "2016.09.24"]
[Round "3.14"]
[White "Nomindalai, Tumurbaatar"]
[Black "Zahedifar, Anahita"]
[Result "0-1"]
[WhiteTitle "CM"]
[BlackTitle "WFM"]
[WhiteElo "1757"]
[BlackElo "2081"]
[WhiteFideId "4904095"]
[BlackFideId "12560715"]
[EventDate "2016.09.22"]

1. d4 d5 2. Bg5 h6 3. Bh4 c6 4. e3 Qb6 5. Qc1 e5 6. c3 exd4 7. cxd4 Bf5 8. Nc3
Be7 9. Bxe7 Nxe7 10. Be2 Nd7 11. Nf3 Ng6 12. O-O O-O 13. Qd2 Rfe8 14. Rfc1 Nf6
15. Na4 Qc7 16. b4 Ne4 17. Qb2 Qe7 18. Nc5 Nxf2 19. Kxf2 Qxe3+ 20. Kf1 b6 21.
Nb3 Nf4 22. Ne5 Nxe2 23. Re1 Qg1+ 24. Kxe2 Qxg2+ 0-1

[Event "World Youth Girl U14 2016"]
[Site "Khanty-Mansiysk RUS"]
[Date "2016.09.24"]
[Round "3.15"]
[White "Bellahcene, Meriem"]
[Black "Schulze, Lara"]
[Result "0-1"]
[BlackTitle "WFM"]
[WhiteElo "1729"]
[BlackElo "2034"]
[WhiteFideId "20655347"]
[BlackFideId "12956830"]
[EventDate "2016.09.22"]

1. e4 e6 2. d3 d5 3. Qe2 Be7 4. Nf3 Nf6 5. g3 c5 6. Bg2 Nc6 7. O-O b6 8. e5 Nd7
9. c4 d4 10. Bf4 Bb7 11. h4 h6 12. Re1 g5 13. Bd2 gxh4 14. Bh3 Qc7 15. Na3 a6
16. Nc2 O-O-O 17. b4 Rdg8 18. Kh2 hxg3+ 19. fxg3 Ncxe5 20. Nxe5 Nxe5 21. Bf4
Nf3+ 22. Qxf3 Bxf3 23. Bxc7 Kxc7 24. Rf1 Bh5 25. bxc5 bxc5 26. Rab1 Bd6 27. Rg1
Rb8 28. Bg2 Bg6 29. Be4 Bxe4 30. dxe4 Kd7 31. Kh3 Rhg8 32. Rxb8 Rxb8 33. a3 Rb3
34. Rf1 Rxg3+ 35. Kh4 Ke7 36. Kh5 Rc3 37. Ne1 Rc1 38. Rg1 Bh2 39. Rg2 Rxe1 0-1

[Event "World Youth Girl U14 2016"]
[Site "Khanty-Mansiysk RUS"]
[Date "2016.09.24"]
[Round "3.16"]
[White "Nestorovic, Katarina"]
[Black "Nayberg, Simona"]
[Result "0-1"]
[WhiteElo "2017"]
[BlackElo "1807"]
[WhiteFideId "954632"]
[BlackFideId "2075180"]
[EventDate "2016.09.22"]

1. e4 Nf6 2. Nc3 d5 3. e5 d4 4. exf6 dxc3 5. fxg7 cxd2+ 6. Qxd2 Qxd2+ 7. Bxd2
Bxg7 8. O-O-O Bg4 9. f3 Be6 10. Kb1 Nd7 11. Ne2 Rd8 12. Nf4 Bf5 13. g4 Bg6 14.
h4 h5 15. Nxg6 fxg6 16. g5 Ne5 17. Be2 Rd6 18. Bc3 Rf8 19. Rxd6 exd6 20. Rh3 Kd7
21. Bd3 Nxd3 22. cxd3 Bxc3 23. bxc3 Ke6 24. Kc2 Kf5 25. Rh1 Re8 26. Kd2 Kf4 27.
d4 Kxf3 28. Rf1+ Kg3 29. Rf6 Kxh4 30. Rxg6 Kg3 31. Rg7 h4 32. Rxc7 h3 33. Rxb7
Rh8 0-1

[Event "World Youth Girl U14 2016"]
[Site "Khanty-Mansiysk RUS"]
[Date "2016.09.24"]
[Round "3.17"]
[White "Swiech, Joanna"]
[Black "Kvendseth, Thyra"]
[Result "0-1"]
[WhiteElo "1962"]
[BlackElo "1745"]
[WhiteFideId "1183486"]
[BlackFideId "1520628"]
[EventDate "2016.09.22"]

1. c4 c5 2. g3 Nc6 3. Bg2 g6 4. Nc3 Bg7 5. Nf3 e6 6. O-O Nge7 7. d3 O-O 8. a3 b6
9. Rb1 Bb7 10. Bf4 d5 11. cxd5 exd5 12. Qd2 Nf5 13. e4 dxe4 14. dxe4 Qxd2 15.
Nxd2 Nfd4 16. Kh1 Ne5 17. Bxe5 Bxe5 18. f4 Bg7 19. e5 Bxg2+ 20. Kxg2 f6 21. exf6
Bxf6 22. Nde4 Bg7 23. Rfe1 Nc2 24. Re2 Nd4 25. Rd2 Rfe8 26. Rbd1 Rad8 27. b4
cxb4 28. axb4 Nc6 29. b5 Rxd2+ 30. Rxd2 Nd4 31. Nd6 Re3 32. Nd5 Re6 33. Nc8 Nxb5
34. Nde7+ Kf7 35. Rd7 Ke8 36. Rb7 Kd8 37. Nd5 Kxc8 38. Rxg7 a5 39. g4 Rd6 40.
Ne7+ Kd8 41. f5 gxf5 42. gxf5 a4 43. Ng8 Ke8 44. Rb7 a3 45. f6 a2 0-1

[Event "World Youth Girl U14 2016"]
[Site "Khanty-Mansiysk RUS"]
[Date "2016.09.24"]
[Round "3.18"]
[White "Plaza Reino, Mercedes"]
[Black "Vinokur, Yuliya"]
[Result "1/2-1/2"]
[WhiteElo "1665"]
[BlackElo "1956"]
[WhiteFideId "24511951"]
[BlackFideId "34127515"]
[EventDate "2016.09.22"]

1. c4 b6 2. Nf3 Bb7 3. d4 e6 4. e3 f5 5. Bd3 Nf6 6. O-O Be7 7. Nc3 O-O 8. b3 Ne4
9. Bb2 Qe8 10. Nd2 Nxc3 11. Bxc3 d6 12. e4 f4 13. Qg4 Qf7 14. Rfe1 h5 15. Qe2 g5
16. f3 Nd7 17. e5 d5 18. cxd5 Bxd5 19. Ne4 Qg7 20. Rac1 g4 21. Kh1 Rf7 22. Rg1
g3 23. h3 Nf8 24. Bb2 c6 25. Nc3 Qg5 26. Nxd5 cxd5 27. Rc6 Re8 28. Rgc1 Bd8 29.
Ba3 Ng6 30. Bxg6 Qxg6 31. Rc8 Rd7 32. Qc2 Qf7 33. Qc6 Bg5 34. Bd6 Rxc8 35. Qxc8+
Rd8 36. Qa6 Re8 37. Kg1 Qh7 38. Qe2 Bh6 39. Qc2 Qd7 40. Qc6 Qxc6 41. Rxc6 Bf8
42. Bxf8 Kxf8 43. Kf1 Rd8 44. Ke2 Ke7 45. Kd3 Kd7 46. Rd6+ Ke7 47. Rc6 1/2-1/2

[Event "World Youth Girl U14 2016"]
[Site "Khanty-Mansiysk RUS"]
[Date "2016.09.24"]
[Round "3.19"]
[White "Urh, Zala"]
[Black "Sahin, Hayrun Nisa"]
[Result "1-0"]
[WhiteTitle "WFM"]
[WhiteElo "1939"]
[BlackElo "1725"]
[WhiteFideId "14611481"]
[BlackFideId "6380875"]
[EventDate "2016.09.22"]

1. d4 Nf6 2. c4 c5 3. d5 e6 4. Nc3 exd5 5. cxd5 Bd6 6. e4 O-O 7. Bd3 Bc7 8. f4
d6 9. Nf3 Re8 10. O-O c4 11. Bc2 a6 12. a4 Bb6+ 13. Kh1 Ng4 14. Qe2 Qc7 15. h3
Nf6 16. e5 Nbd7 17. Re1 Qc5 18. Qd1 Nh5 19. Ne4 Qc7 20. Nxd6 Rf8 21. Bxh7+ Kh8
22. Bc2 f6 23. Nh4 Ng3+ 24. Kh2 Bf2 25. Ng6+ Kg8 26. Ne7+ Kh8 27. Qg4 1-0

[Event "World Youth Girl U14 2016"]
[Site "Khanty-Mansiysk RUS"]
[Date "2016.09.24"]
[Round "3.20"]
[White "Filippova, Darya"]
[Black "Puppi Lazo, Stephanie Beatriz"]
[Result "1-0"]
[WhiteTitle "WFM"]
[WhiteElo "1888"]
[BlackElo "1710"]
[WhiteFideId "24173738"]
[BlackFideId "3826104"]
[EventDate "2016.09.22"]

1. c4 e5 2. Nc3 d6 3. e3 f5 4. d4 e4 5. b3 Nf6 6. Bb2 Be7 7. Qc2 c6 8. d5 Nbd7
9. O-O-O cxd5 10. Nxd5 Nxd5 11. Rxd5 Nf6 12. Rd2 Be6 13. Kb1 Rc8 14. Ne2 b5 15.
Nd4 Bd7 16. Qd1 bxc4 17. Bxc4 d5 18. Bb5 O-O 19. Qe2 Bb4 20. Rc2 Qe7 21. Rhc1
Ng4 22. Bc6 Be6 23. Nxe6 Qxe6 24. Bxd5 Qxd5 25. Rxc8 Qd3+ 26. Qxd3 exd3 27.
Rxf8+ Bxf8 28. f3 Nxe3 29. Bc3 Nxg2 30. Rd1 Nf4 31. Be5 Ng6 32. Bb8 Ne7 33. Rxd3
Nc6 34. Bc7 Kf7 35. Kb2 Ke6 36. a3 g5 37. b4 Bg7+ 38. Kb3 a6 39. Rd6+ Ke7 40.
Rxc6 Kd7 41. Rxa6 Kxc7 42. Ra7+ 1-0

[Event "World Youth Girl U14 2016"]
[Site "Khanty-Mansiysk RUS"]
[Date "2016.09.24"]
[Round "3.21"]
[White "Skaslien, Ingrid"]
[Black "Voskresenskaya, Marta"]
[Result "1/2-1/2"]
[WhiteElo "1588"]
[BlackElo "1835"]
[WhiteFideId "1520660"]
[BlackFideId "34127795"]
[EventDate "2016.09.22"]

1. d4 d5 2. c4 e6 3. Nc3 c6 4. e3 Nf6 5. Nf3 Nbd7 6. Bd3 dxc4 7. Bxc4 b5 8. Bd3
a6 9. O-O Bd6 10. Ne4 Nxe4 11. Bxe4 Bb7 12. Bd2 O-O 13. Rc1 Rc8 14. Qe2 Nf6 15.
Bb1 c5 16. dxc5 Rxc5 17. Rxc5 Bxc5 18. Rd1 Qe7 19. Bc3 Rd8 20. a3 Ne4 21. Bd4
Bxd4 22. Rxd4 Rxd4 23. Nxd4 Qg5 24. Nf3 Qd5 25. Qd3 Qxd3 26. Bxd3 Nc5 27. Bc2
Bxf3 28. gxf3 g6 29. b4 Nb7 30. a4 bxa4 31. Bxa4 Nd6 32. Kf1 Kg7 33. Ke2 Kf6 34.
Kd3 e5 35. Bb3 Ke7 36. Bc4 Nxc4 37. Kxc4 Kd6 38. e4 Kc6 39. Kc3 Kb5 40. Kb3 f6
41. Kc3 Kb6 42. Kc4 Kc6 43. Kb3 Kb5 1/2-1/2

[Event "World Youth Girl U14 2016"]
[Site "Khanty-Mansiysk RUS"]
[Date "2016.09.24"]
[Round "3.22"]
[White "Makhija, Aashna"]
[Black "Alekseenko, Mariya"]
[Result "1-0"]
[WhiteElo "1830"]
[BlackElo "1643"]
[WhiteFideId "25011944"]
[BlackFideId "44172729"]
[EventDate "2016.09.22"]

1. e4 c5 2. c3 d5 3. exd5 Qxd5 4. d4 cxd4 5. cxd4 e6 6. Nc3 Qd8 7. Nf3 Nf6 8.
Bd3 Be7 9. O-O O-O 10. Re1 b6 11. Bc2 Nc6 12. a3 Bb7 13. Qd3 Qd7 14. Bg5 g6 15.
h4 Rfd8 16. Rad1 Rac8 17. Bb1 Nd5 18. Ne4 Bxg5 19. hxg5 Kg7 20. Nh2 Nf4 21. Qe3
Nxd4 22. Rxd4 Qxd4 23. Qxf4 Bxe4 24. Bxe4 Rc5 25. Ng4 Kf8 26. Nf6 Qe5 27. Qh4 1-0

[Event "World Youth Girl U14 2016"]
[Site "Khanty-Mansiysk RUS"]
[Date "2016.09.24"]
[Round "3.23"]
[White "Beshukova, Alina"]
[Black "Yapa Bandara, Chamodya"]
[Result "0-1"]
[WhiteElo "1820"]
[BlackElo "1582"]
[WhiteFideId "24164828"]
[BlackFideId "9914706"]
[EventDate "2016.09.22"]

1. d4 Nf6 2. c4 g6 3. Nc3 Bg7 4. e4 d6 5. Nf3 O-O 6. Be2 e5 7. d5 Nbd7 8. Bg5 a5
9. O-O Nc5 10. Nd2 h6 11. Bh4 g5 12. Bg3 Nh7 13. b3 f5 14. f3 f4 15. Bf2 b6 16.
a3 h5 17. b4 Nd7 18. Nb3 Qe8 19. Nb5 Qd8 20. bxa5 bxa5 21. Qd2 a4 22. Na5 Nc5
23. Bxc5 dxc5 24. d6 Ra6 25. Nc6 Rxc6 26. Qd5+ Kh8 27. Qxc6 g4 28. dxc7 Qh4 29.
fxg4 hxg4 30. Bxg4 Qxg4 31. Nd6 f3 32. g3 Ng5 33. Qxc5 f2+ 34. Rxf2 Nh3+ 35. Kf1
Rxf2+ 36. Qxf2 Nxf2 37. Kxf2 Bf8 0-1

[Event "World Youth Girl U14 2016"]
[Site "Khanty-Mansiysk RUS"]
[Date "2016.09.24"]
[Round "3.25"]
[White "Vanduyfhuys, Daria"]
[Black "Makarova, Anastasiya"]
[Result "1-0"]
[WhiteElo "1810"]
[BlackElo "1471"]
[WhiteFideId "246336"]
[BlackFideId "54102731"]
[EventDate "2016.09.22"]

1. d4 f5 2. c4 Nf6 3. Nc3 e6 4. Nf3 Be7 5. e3 O-O 6. Bd3 b6 7. O-O Bb7 8. b3 h6
9. Ne5 Qe8 10. Be2 d6 11. Nd3 g5 12. Bf3 Ne4 13. Nxe4 Bxe4 14. Bb2 Nd7 15. Ne1
Nf6 16. Bxe4 Nxe4 17. d5 e5 18. Qc2 Qg6 19. f3 Nf6 20. Kh1 Kh7 21. Nd3 f4 22.
Nb4 Qxc2 23. Nxc2 a5 24. exf4 gxf4 25. g3 Nd7 26. Bc1 Bg5 27. Na3 Nc5 28. Nb5
Rac8 29. Rb1 Nd3 30. Ba3 Nb4 31. Bxb4 axb4 32. g4 Rf7 33. Rf2 Ra8 34. a3 Bh4 35.
Ra2 Rd7 36. Rba1 bxa3 37. Rxa3 Rxa3 38. Rxa3 Bd8 39. Ra7 Kg6 40. Rb7 Kg5 41. Na7
e4 42. Kg2 e3 43. Kf1 Kh4 44. Ke2 Kh3 45. Nc8 Kxh2 46. Nxb6 Re7 47. Na8 Kg3 48.
b4 Rd7 49. Nb6 Re7 50. Nc8 Rd7 51. b5 Kg2 52. Nb6 Re7 53. Na8 Kg3 54. b6 cxb6
55. Rxe7 Bxe7 56. Nxb6 Kg2 57. Nc8 Bf8 58. Na7 Be7 59. Nb5 Kh3 60. Nd4 Kh2 61.
Nf5 Bf8 62. Kf1 Kh1 63. Nh4 Be7 64. Ng6 Bg5 65. Nh8 Be7 66. Nf7 Bf8 67. Nd8 Be7
68. Ne6 Bf6 69. c5 dxc5 70. Nxc5 Be5 71. Nb7 Kh2 72. d6 Kg3 73. Ke2 Kh4 74. d7
Bf6 75. d8=Q Bxd8 76. Nxd8 h5 77. gxh5 Kxh5 78. Ne6 Kg6 79. Nxf4+ Kf5 80. Kxe3 1-0

[Event "World Youth Girl U14 2016"]
[Site "Khanty-Mansiysk RUS"]
[Date "2016.09.24"]
[Round "3.26"]
[White "Idirisinghe, I M N H"]
[Black "Mangalam, Shreya B"]
[Result "0-1"]
[WhiteElo "1436"]
[BlackElo "1739"]
[WhiteFideId "9915478"]
[BlackFideId "2085070"]
[EventDate "2016.09.22"]

1. e4 e5 2. Nf3 Nc6 3. Bb5 a6 4. Ba4 Nf6 5. O-O Be7 6. Re1 b5 7. Bb3 d6 8. c3
O-O 9. h3 Nb8 10. d4 Nbd7 11. Nbd2 Bb7 12. Bc2 Re8 13. Nf1 Bf8 14. Ng3 g6 15.
Bg5 h6 16. Bd2 Bg7 17. Qc1 Kh7 18. Nh2 c5 19. d5 c4 20. Ngf1 Nc5 21. Ng3 Nfd7
22. Nf3 Qe7 23. h4 Nf6 24. h5 Bc8 25. hxg6+ fxg6 26. Nh2 Ng4 27. Nxg4 Bxg4 28.
f3 Bd7 29. Kf2 Qf7 30. Rh1 h5 31. Be3 Rf8 32. Bxc5 dxc5 33. Qg5 Bh6 34. Qh4 Bg4
35. Bd1 Ra7 36. Re1 Qf4 37. Kg1 Bg5 38. Qh2 h4 39. Nf1 Qf6 40. Be2 Bc8 41. a4
Kh8 42. axb5 Rh7 43. bxa6 Bf4 44. Qh1 Bxa6 45. Qh3 Bc8 46. Qh1 Bg3 47. Red1 Qg5
48. d6 Bf4 49. Kf2 Bg3+ 50. Kg1 Bd7 51. Bxc4 Qf4 52. Be2 g5 53. Ra3 g4 54. c4
Bc6 55. d7 Bxd7 56. Ra7 gxf3 57. Bxf3 Rff7 58. Ra8+ Kg7 59. Ra7 Kf8 60. Ra8+ Kg7
61. Ra7 Kg6 62. Rd6+ Kg5 63. Raa6 Rfg7 64. Rd3 h3 65. Nxg3 Qxg3 66. Kf1 hxg2+
67. Qxg2 Bh3 68. Qxh3 Rxh3 69. Ke2 Rh2+ 70. Kf1 Qf2# 0-1

[Event "World Youth Girl U14 2016"]
[Site "Khanty-Mansiysk RUS"]
[Date "2016.09.24"]
[Round "3.27"]
[White "Tomcikova, Dominika"]
[Black "Mairambekova, Aiperi"]
[Result "1-0"]
[WhiteElo "1713"]
[BlackElo "1329"]
[WhiteFideId "14935554"]
[BlackFideId "13801511"]
[EventDate "2016.09.22"]

1. e4 e5 2. Nf3 Nc6 3. Bc4 Bc5 4. c3 Nf6 5. d3 d6 6. b4 Bb6 7. a4 a5 8. b5 Ne7
9. h3 Ng6 10. O-O O-O 11. Na3 Be6 12. Bxe6 fxe6 13. Nc4 Bc5 14. Qb3 Re8 15. Ng5
d5 16. Ne3 h6 17. Nf3 dxe4 18. dxe4 Nxe4 19. Qc2 Nxc3 20. Qxc3 Bb6 21. Bb2 Qe7
22. Nxe5 Nf4 23. Qc4 Qg5 24. N5g4 h5 25. h4 Qxh4 26. Qxf4 Bxe3 27. Nh6+ 1-0

[Event "World Youth Girl U14 2016"]
[Site "Khanty-Mansiysk RUS"]
[Date "2016.09.24"]
[Round "3.28"]
[White "Pandey, Ritika"]
[Black "Smbatyan, Qristine"]
[Result "1-0"]
[WhiteElo "1641"]
[BlackElo "1506"]
[WhiteFideId "30903670"]
[BlackFideId "13308319"]
[EventDate "2016.09.22"]

1. e4 c5 2. Nf3 d6 3. d4 cxd4 4. Nxd4 Nf6 5. Nc3 a6 6. f3 e5 7. Nb3 Be7 8. Be3
Be6 9. Qd2 O-O 10. O-O-O Nbd7 11. g4 b5 12. g5 b4 13. Ne2 Ne8 14. f4 exf4 15.
Nxf4 Bg4 16. Be2 Bxe2 17. Nxe2 a5 18. Nbd4 Ne5 19. Bf4 Nc4 20. Qd3 Rc8 21. h4 a4
22. Kb1 a3 23. b3 Nb2 24. Qg3 Nxd1 25. Rxd1 Qc7 26. h5 Qc5 27. Rc1 Nc7 28. Nf5
d5 29. Be3 Qb5 30. Nxe7+ Kh8 31. Nxc8 Rxc8 32. Nd4 Qa6 33. h6 dxe4 34. hxg7+ Kg8
35. Nf5 Qe6 36. Nh6+ Kxg7 37. Bd4+ Kg6 38. Rh1 Nd5 39. Qh4 Nc3+ 40. Ka1 1-0

[Event "World Youth Girl U14 2016"]
[Site "Khanty-Mansiysk RUS"]
[Date "2016.09.24"]
[Round "3.30"]
[White "Zavgorodneva, Ekaterina"]
[Black "Bechvaia, Maia"]
[Result "0-1"]
[WhiteElo "1512"]
[BlackElo "1848"]
[WhiteFideId "34139351"]
[BlackFideId "13613294"]
[EventDate "2016.09.22"]

1. e4 c5 2. Nf3 Nc6 3. d4 cxd4 4. Nxd4 e5 5. Nb5 d6 6. c3 Nf6 7. Nd2 a6 8. Na3
d5 9. exd5 Qxd5 10. Nac4 Bc5 11. Ne3 Bxe3 12. fxe3 O-O 13. Qf3 e4 14. Qf4 Ne5
15. Nb3 Nd3+ 16. Bxd3 Qxd3 17. Nd4 Bg4 18. Bd2 Rad8 19. Qf1 Qxf1+ 20. Rxf1 Nd7
21. Rf4 Ne5 22. Rxe4 Rfe8 23. Kf1 f5 24. Rxg4 Nxg4 25. Ke2 f4 26. e4 g5 27. h3
Nf6 28. e5 Rxe5+ 29. Kd3 Ne4 30. Re1 Rde8 31. Nf3 Nc5+ 32. Kd4 Rxe1 33. Bxe1 b6
34. Ne5 Rxe5 35. Kxe5 Nd3+ 36. Kf5 Nxe1 0-1

[Event "World Youth Girl U14 2016"]
[Site "Khanty-Mansiysk RUS"]
[Date "2016.09.24"]
[Round "3.31"]
[White "Tharushi, T H D Niklesha"]
[Black "Oberholzer, Imarie"]
[Result "0-1"]
[BlackTitle "WFM"]
[WhiteElo "1584"]
[BlackElo "1512"]
[WhiteFideId "9918264"]
[BlackFideId "14306506"]
[EventDate "2016.09.22"]

1. d4 Nf6 2. c4 c5 3. d5 b5 4. Qc2 d6 5. e4 g6 6. Nf3 Nbd7 7. h3 Bg7 8. g4 bxc4
9. Bxc4 Nb6 10. Nfd2 O-O 11. f4 Nbd7 12. Nf3 Qb6 13. O-O Ba6 14. Nbd2 Qb7 15. a4
Nb6 16. Bxa6 Qxa6 17. a5 Rac8 18. Ra3 Nbd7 19. Nc4 Rb8 20. Nfd2 Rb4 21. Raf3 Ne8
22. b3 Nc7 23. Ba3 Rb7 24. Bb2 Nb5 25. e5 dxe5 26. fxe5 Nd4 27. Bxd4 cxd4 28.
Qe4 Rb4 29. Qxd4 Nxe5 30. Re3 Nf3+ 31. Nxf3 Bxd4 32. Nxd4 Qb7 33. Nc6 Rxb3 34.
a6 Qb5 35. Nd4 Qxc4 36. Nxb3 Qxd5 37. Rff3 Qb5 38. Rxe7 Qxa6 39. Kh1 Qc6 40. Kg2
Rb8 41. Re3 Qd5 42. Kg3 a5 43. Rd3 Qe5+ 44. Kg2 a4 45. Nd4 Rb2+ 46. Kf1 Qh2 0-1